Pays par un seul émoji - Statistiques

Statistiques générales
  • Ce quiz a été pris 3 610 fois
  • Le résultat moyen est 14 sur 24
Statistiques - réponses
Par images Réponse % Correct
Australie
99%
Canada
99%
Chine
96%
Mexique
94%
Espagne
80%
Irlande
80%
Israël
80%
Russie
79%
Japon
75%
Suisse
62%
Brésil
57%
Arabie Saoudite
54%
Roumanie
52%
Finlande
50%
Nouvelle-Zélande
50%
Royaume-Uni
47%
Chili
44%
Inde
44%
Grèce
43%
Monaco
43%
Île Maurice
21%
République Démocratique du Congo
21%
Italie
20%
Barbade
14%
Aucun quiz correspondant
Distribution des résultats
% des personnes avec chaque résultat
Percentile par nombre de réponses
Votre historique - résultats
Vous n’avez pas pris ce quiz